000 00508nam a2200181Ia 4500
005 20250508150920.0
008 008 250505s9999 xx 000 0 eng d
037 _aTextual
040 _aFEDL
_beng
_cFEDL
041 _aeng
_2eng
084 _aB, GAN
_qFEDL
100 _aBaros Jan
_9347272
245 0 _aMahatma Gandhi : Pictorial history of a great life
260 _aCalcutta, India
_bGossain and Company
_c1949
300 _a265p.
942 _cTEXL
_hB, GAN
999 _c1326447
_d1326447